| 000 | 01117nam a2200265Ia 4500 | ||
|---|---|---|---|
| 003 | OSt | ||
| 005 | 20220918110733.0 | ||
| 006 | a|||||r|||| 00| 0 | ||
| 007 | ta | ||
| 008 | 220915b |||||||| |||| 00| 0 san d | ||
| 020 |
_a9788170845904 (hbk (set)) _cINR 2000.00 |
||
| 024 | _a61,288 | ||
| 037 |
_b413, 13/03/2018, Eastern Book Linkers _cReference Collections |
||
| 040 |
_aARTS _cARTS _bsan |
||
| 041 |
_2san _asan |
||
| 082 | _aLBx3,1, 152Q4.1-.3(RR) | ||
| 100 |
_aमद्वाग्भट, ले. _99304 |
||
| 245 | 0 | _aअष्टा›हृदयम् | |
| 246 | _aAṣhṭā›hṛudayam | ||
| 260 |
_aदिल्ली _bचौखम्बा संस्कृत प्रतिष्ठान भारत _c2014 |
||
| 490 |
_vभाग 1 _aव्रजजीवन आयुर्विज्ञान ग्रन्थमाला; 27 |
||
| 650 |
_aवेद-आयुर्वेद _99305 |
||
| 942 |
_hLBx3,1, 152Q4.1-.3(RR) _cREF |
||
| 999 |
_c114387 _d114387 |
||